LEADER 01536oam 2200397M 450 001 9910716433803321 005 20200213070531.9 035 $a(CKB)5470000002521809 035 $a(OCoLC)1065840403 035 $a(OCoLC)995470000002521809 035 $a(EXLCZ)995470000002521809 100 $a20071213d1927 ua 0 101 0 $aeng 135 $aurcn||||||||| 181 $ctxt$2rdacontent 182 $cc$2rdamedia 183 $acr$2rdacarrier 200 10$aChanging date for holding court at Memphis and Jackson, Tenn. January 27, 1927. -- Referred to the House Calendar and ordered to be printed 210 1$a[Washington, D.C.] :$c[U.S. Government Printing Office],$d1927. 215 $a1 online resource (1 page) 225 1 $aHouse report / 69th Congress, 2nd session. House ;$vno. 1871 225 1 $a[United States congressional serial set] ;$v[serial no. 8688] 300 $aBatch processed record: Metadata reviewed, not verified. Some fields updated by batch processes. 300 $aFDLP item number not assigned. 606 $aTerms of court 608 $aLegislative materials.$2lcgft 615 0$aTerms of court. 701 $aGraham$b George Scott$f1850-1931$pRepublican (PA)$01386798 801 0$bWYU 801 1$bWYU 801 2$bOCLCO 801 2$bOCLCQ 906 $aBOOK 912 $a9910716433803321 996 $aChanging date for holding court at Memphis and Jackson, Tenn. January 27, 1927. -- Referred to the House Calendar and ordered to be printed$93487964 997 $aUNINA LEADER 01077cam-a2200241zu-4500 001 991004335336107536 005 20240716101105.0 008 240716s2020 xxu 101 0 eng d 020 $a9789774169342 040 $aBibl. Interfacoltà T. Pellegrino$bita 041 $aeng 082 0 $a916.204/3 100 1 $aLane, Edward William$0639626 245 10$aDescription of Egypt :$bnotes and views in Egypt and Nubia, made during the years 1825, -26, -27, and -28: chiefly consisting of a series of descriptions and delineations of the monuments, scenery, &c. of those countries; the views, with few exceptions, made with the camera-lucida /$cEdward William Lane ; edited and with an introduction by Jason Thompson 260 $aCairo :$bAmerican University in Cairo Press,$c2020 300 $aXXXII, 588 p. :$bill. ;$c24 cm 600 14$aLane, Edward William,$d1801-1876$xViaggio$zEgitto 650 4$aStoria e Archeologia 651 4$aEgitto$xViaggio 700 1 $aThompson, Jason 912 $a991004335336107536 996 $aDescription of Egypt$94176460 997 $aUNISALENTO